000 01175nam a2200313 i 4500
003 DO-SdBNP
005 20231002102300.0
007 ta
008 110413s2000 dr ao 000 0 spa d
040 _aDO-SdBNP
_bspa
_cBNPHU
_erda
082 _bA577m
_222
100 _aAndujar, Altagracia
_eautor
_984313
110 _936704
245 1 0 _aMis primeros pasos :
_bconquistando el maravilloso mundo de las letras y los números, libro 2do. grado /
_cAltagracia Andújar, Argentina Cabrera, Haydee M. Encarnación, Ana Antonia García, Elisa Núñez
264 _aSanto Domingo :
_bSecretaria de Estado de Educación Bellas Artes y Cultos,
_c2000.
300 _a44 páginas :
_c26 cm.
_bilustraciones ;
336 _2rdacontent
_atexto
_btxt
337 _2rdamedia
_asin mediación
_bn
338 _2rdacarrier
_avolumen
_bnc
490 _aDominicana 2000
590 _aInventariado, 2023/ DG
700 1 _aCabrera Argentina
_eautora
_984126
700 1 _aEncarnación, Haydee M.
_eautora
_984314
700 1 _aGarcía, Ana Antonia
_eautora
_984315
700 1 _aNúñez, Elisa
_eautora
_984316
700 1 _aRamírez, Ligia
_eautora
_984317
910 _aDG
942 _2ddc
_cLF2
999 _c55026
_d55026